| 000 | 00966nam a2200277 i 4500 | ||
|---|---|---|---|
| 001 | 162931 | ||
| 003 | ES-MaACL | ||
| 005 | 20231107122719.0 | ||
| 008 | 140908s2013 sp |||| | spa d | ||
| 020 | _a978-84-941292-4-7 | ||
| 040 |
_aEUS _bspa _cEUS |
||
| 080 | _a327.5(569.4) | ||
| 080 | _a343.4(569.4) | ||
| 245 | 0 | 0 |
_aPalestina vive / _cNaji Al-Ali, Vittorio Arrigoni, Aicha Auda ... [et al.] ; presentación de Luz Gómez García. |
| 260 |
_a[Guadarrama, Madrid] : _b[Ediciones del Oriente y del Mediterráneo], _cimp. 2013. |
||
| 300 |
_a155 p. ; _c16 cm. |
||
| 490 | 1 |
_aContrabandos ; _v1 |
|
| 650 | 0 | 4 |
_aConflicto árabe-israelí. _911266 |
| 650 | 4 |
_aDerechos humanos- _zPalestina. _9155421 |
|
| 700 | 1 |
_aAl-Ali, Naji. _9155422 |
|
| 700 | 1 |
_aGómez García, Luz. _9155423 |
|
| 830 | 0 |
_aContrabandos ; _v1 _9222234 |
|
| 852 |
_aES-MaACL _jA-13228 _9169077 _bR.150019 _cDEPO1 _dOlim: N-6228 |
||
| 942 |
_2udc _cMONOGRAFIA |
||
| 999 |
_c162931 _d162931 |
||